书目信息 |
| 题名: |
中国足球年鉴
|
|
| 作者: | 彭小华 主编 | |
| 分册: | 2005 | |
| 出版信息: | 武汉 武汉出版社 2005 |
|
| 页数: | 704页 | |
| 开本: | 21cm | |
| 丛书名: | ||
| 单 册: | ||
| 中图分类: | G843.92-54 | |
| 科图分类: | ||
| 主题词: | 足球运动--中国--2005--年鉴 , 足球运动 | |
| 电子资源: | ||
| ISBN: | 7-5430-3298-8 | |
| 000 | 00865nam0 2200229 450 | |
| 001 | 010010014007 | |
| 005 | 20061029084358.59 | |
| 010 | @a7-5430-3298-8@b精装@dCNY75.00 | |
| 100 | @a20060214d2005 em y0chiy0110 ea | |
| 101 | 0 | @achi |
| 102 | @aCN@b420000 | |
| 105 | @aafk z 000yd | |
| 200 | 1 | @a中国足球年鉴@9zhong guo zu qiu nian jian@h2005@f彭小华主编@g《中国足球年鉴》编委会编 |
| 210 | @a武汉@c武汉出版社@d2005 | |
| 215 | @a704页@c图,照片@d21cm | |
| 330 | @a本书首先以专稿的形式对2004年中国足球运动发展的总体状况和主要特点进行全面而深入的评述,然后以赛事为中心进行分类并按赛事和性质和影响顺次编排,全面、客观、真实在记录了2004年中国足球运动发展的状况。 | |
| 606 | 0 | @a足球运动@y中国@z2005@j年鉴 |
| 606 | 0 | @a足球运动 |
| 690 | @aG843.92-54@v4 | |
| 701 | 0 | @a彭小华@9peng xiao hua@4主编 |
| 801 | 0 | @aCN@bRENTIAN@c20061029 |
| 905 | @a10447@dG843.92-54@e239 | |
| 中国足球年鉴.2005/彭小华主编/《中国足球年鉴》编委会编.-武汉:武汉出版社,2005 |
| 704页:图,照片;21cm |
| ISBN 7-5430-3298-8(精装):CNY75.00 |
| 本书首先以专稿的形式对2004年中国足球运动发展的总体状况和主要特点进行全面而深入的评述,然后以赛事为中心进行分类并按赛事和性质和影响顺次编排,全面、客观、真实在记录了2004年中国足球运动发展的状况。 |
| ● |
| 相关链接 |
|
|
|
|
正题名:中国足球年鉴
索取号:G843.92-54/239
 
预约/预借
| 序号 | 登录号 | 条形码 | 馆藏地/架位号 | 状态 | 备注 |
| 1 | 0388144 | 203881442 | 第一样本阅览室/ [索取号:G843.92-54/239] | 在馆 | |
| 2 | 0388145 | 203881451 | 密集书库/ [索取号:G843.92-54/239] | 在馆 |